| 000 | 00781nam a2200193 a 4500 | ||
|---|---|---|---|
| 001 | 000014168 | ||
| 005 | 20200929163513.0 | ||
| 008 | 091207s1971 dr a 001 0 spa d | ||
| 040 |
_aDO-SdBNP _bspa _cBNPHU |
||
| 082 |
_axxxx _bI438e |
||
| 245 | 1 | 0 |
_aInforme final del estudio sobre valores y actitudes de los jefes de familia respecto al mejoramiento de los niveles de vida en la República Dominicana / _cEzequiel García, Antonia Ramírez. |
| 260 |
_aSanto Domingo : _bConsejo Nacional de Población y Familia, _c1971. |
||
| 300 |
_a142 P. ; _c28 cm. |
||
| 504 | _aIncluye bibliografía (p. 142) | ||
| 700 | 1 |
_aGarcía, Ezequiel _932017 |
|
| 700 | 1 |
_aRamírez, Antonia _932018 |
|
| 710 |
_aCentro de Investigaciones de la UNPU (República Dominicana ) _932019 |
||
| 049 | _aBNPD | ||
| 999 |
_c13769 _d13769 |
||